Direction, Alignment, Commitment : Achieving Better Results Through Leadership, First Edition (Japanese).

Bibliographic Details
Main Author: McCauley, Cynthia D.
Other Authors: Fick-Cooper, Lynn.
Format: eBook
Language:Japanese
Published: La Vergne : Center for Creative Leadership, 2019.
Edition:1st ed.
Subjects:
Online Access:Click to View
LEADER 02233nam a22003733i 4500
001 EBC5983222
003 MiAaPQ
005 20231204023214.0
006 m o d |
007 cr cnu||||||||
008 231204s2019 xx o ||||0 jpn d
020 |a 9781604919684  |q (electronic bk.) 
020 |z 9781604919677 
035 |a (MiAaPQ)EBC5983222 
035 |a (Au-PeEL)EBL5983222 
035 |a (OCoLC)1129217412 
040 |a MiAaPQ  |b eng  |e rda  |e pn  |c MiAaPQ  |d MiAaPQ 
100 1 |a McCauley, Cynthia D. 
245 1 0 |a Direction, Alignment, Commitment :  |b Achieving Better Results Through Leadership, First Edition (Japanese). 
250 |a 1st ed. 
264 1 |a La Vergne :  |b Center for Creative Leadership,  |c 2019. 
264 4 |c ©2019. 
300 |a 1 online resource (46 pages) 
336 |a text  |b txt  |2 rdacontent 
337 |a computer  |b c  |2 rdamedia 
338 |a online resource  |b cr  |2 rdacarrier 
505 0 |a Intro -- 目次 -- リーダーシップの問 を抱えていませんか -- DACリーダーシップフレームワーク -- ステップ1 グループにおけるディレクション、アラインメント、コミットメントの現在のレベルを 価する -- ステップ2 ディレクション、アラインメント、コミットメントが低 価になっている原因を究明する -- ステップ3 ディレクション、アラインメント、コミットメントを改善できそうな変更点を 極める -- 各事例の後日 -- あらまし -- 推奨参 料 -- その他の参 料. 
588 |a Description based on publisher supplied metadata and other sources. 
590 |a Electronic reproduction. Ann Arbor, Michigan : ProQuest Ebook Central, 2023. Available via World Wide Web. Access may be limited to ProQuest Ebook Central affiliated libraries.  
655 4 |a Electronic books. 
700 1 |a Fick-Cooper, Lynn. 
776 0 8 |i Print version:  |a McCauley, Cynthia D.  |t Direction, Alignment, Commitment: Achieving Better Results Through Leadership, First Edition (Japanese)  |d La Vergne : Center for Creative Leadership,c2019  |z 9781604919677 
797 2 |a ProQuest (Firm) 
856 4 0 |u https://ebookcentral.proquest.com/lib/matrademy/detail.action?docID=5983222  |z Click to View